000 02051nam a2200313 i 4500
001 6510
003 ES-MaACL
005 20250905155020.0
007 t|
008 891205m19841987sp |||| | spa d
020 _a84-249-0973-9
080 _a875-82"00"
100 0 _aPlutarco
_992678
245 1 0 _aObras morales y de costumbres
_b= (Moralia) /
_cPlutarco.
246 3 1 _aMoralia
260 _aMadrid :
_bGredos,
_c1984-87.
300 _a4 v. ;
_c20 cm.
490 1 _aBiblioteca clásica Gredos ;
_v78 ; 98 ; 103 ; 109
505 8 _aContiene t. I. Sobre la educacion de los hijos ; Como debe el joven escuchar la poesia ; Sobre como se debe escuchar ; Como distinguir a un adulador de un amigo ; Como percibir los propios progresos en la virtud ; Como sacar provecho de los enemigos ; Sobre la abundancia de amigos / introducciones, traducciones y notas por Concepcion Morales Otal y Jose Garcia Lopez -- t. II. Sobre la fortuna ; Sobre la virtud y el vicio ; Escrito de consolacion a Apolonio ; Consejos para conservar la salud ; Deberes del matrimonio ; Banquete de los Siete Sabios ; Sobre la supersticion / introducciones, traducciones y notas por Concepcion Morales Otal y Jose Garcia Lopez -- t. III. Maximas de reyes y generales ; Maximas de romanos ; Maximas de espartanos ; Antiguas costumbres de los espartanos ; Maximas de mujeres espartanas ; Virtudes de mujeres / introducciones y notas por Mercedes Lopez Salva y Maria Antonia Medel ; traducciones por Mercedes Lopez Salva -- t. IV. Charlas de sobremesa / introduccion, traduccion y notas por Francisco Martin Garcia
650 4 _aMoral práctica-
_vObras anteriores a 1800.
_9167917
700 1 _aMorales Otal, Concepción.
_983064
700 1 _aGarcía López, José,
_d1936-
_954844
700 1 _aLópez Salva, Mercedes.
_973952
700 1 _aMedel, Maria Antonia.
_979665
700 1 _aMartín García, Francisco.
_977503
830 0 _aBiblioteca clásica Gredos ;
_v78 ; 98 ; 103 ; 109
_9177556
852 _aES-MaACL
_jL-13670-73
999 _c6510
_d6510